Statistics for What's the name in German?

Click here to take the quiz!

General Stats

  • This quiz has been taken 34 times
  • The average score is 15 of 20

Answer Stats

Name in EnglishName in German% Correct
MarkMarkus
93%
PeterPeter
93%
AndrewAndreas
90%
GeorgeJürgen
90%
SophiaSophia
90%
NicholasNiklaus
87%
CharlesKarl
83%
WilliamWilhelm
83%
EmilyEmilia
80%
JessicaJessika
80%
MonicaMonika
80%
SusanSusanne
80%
AngelicaAngela
77%
ElizabethIlsa
73%
Steven/StephenStefan
73%
MargaretGretchen
67%
EdwardEduard
60%
JaneJana
50%
JamesJakob
30%
NancyAgnes
7%

Score Distribution

Percentile by Number Answered

Percent of People with Each Score

Your Score History

You have not taken this quiz